<?xml version="1.0" encoding="UTF-8"?><?xml-stylesheet type="text/xsl" href="static/style.xsl"?><OAI-PMH xmlns="http://www.openarchives.org/OAI/2.0/" xmlns:xsi="http://www.w3.org/2001/XMLSchema-instance" xsi:schemaLocation="http://www.openarchives.org/OAI/2.0/ http://www.openarchives.org/OAI/2.0/OAI-PMH.xsd"><responseDate>2026-04-13T05:45:17Z</responseDate><request verb="GetRecord" identifier="oai:www.recercat.cat:2072/480891" metadataPrefix="marc">https://recercat.cat/oai/request</request><GetRecord><record><header><identifier>oai:recercat.cat:2072/480891</identifier><datestamp>2025-08-31T17:46:59Z</datestamp><setSpec>com_2072_98</setSpec><setSpec>col_2072_378192</setSpec></header><metadata><record xmlns="http://www.loc.gov/MARC21/slim" xmlns:dcterms="http://purl.org/dc/terms/" xmlns:xsi="http://www.w3.org/2001/XMLSchema-instance" xmlns:doc="http://www.lyncode.com/xoai" xsi:schemaLocation="http://www.loc.gov/MARC21/slim http://www.loc.gov/standards/marcxml/schema/MARC21slim.xsd">
   <leader>00925njm 22002777a 4500</leader>
   <datafield ind2=" " ind1=" " tag="042">
      <subfield code="a">dc</subfield>
   </datafield>
   <datafield ind2=" " ind1=" " tag="720">
      <subfield code="a">Sepúlveda-Parrini, Paloma</subfield>
      <subfield code="e">author</subfield>
   </datafield>
   <datafield ind2=" " ind1=" " tag="720">
      <subfield code="a">Pineda i Herrero, Pilar</subfield>
      <subfield code="e">author</subfield>
   </datafield>
   <datafield ind2=" " ind1=" " tag="720">
      <subfield code="a">Valdivia, Paloma</subfield>
      <subfield code="e">author</subfield>
   </datafield>
   <datafield ind2=" " ind1=" " tag="260">
      <subfield code="c">2024</subfield>
   </datafield>
   <datafield ind2=" " ind1=" " tag="520">
      <subfield code="a">Este estudio tiene por objetivo conceptualizar la calidad de educación superior online (ESOL) desde el punto de vista de diferentes agentes partícipes de la modalidad. Para ello, pedimos a estudiantes (n=3.152), docentes (n=727) e informantes (n=50) de 18 instituciones de educación superior (IES) en Chile con carreras de grado en modalidad online, que señalaran los conceptos que asocian a una ESOL de calidad. A través de una metodología cualitativa que combina métodos deductivos e inductivos y lexicometría, analizamos los datos recogidos a través de cuestionarios y entrevistas. Los hallazgos de este estudio muestran como en la ESOL coexiste una visión tradicional sobre la calidad educativa a través de conceptos vinculados al "perfil de egreso", la "estandarización" y la "acreditación", con perspectivas emergentes que refuerzan las particularidades de la educación online, reflejadas en conceptos como la conciliación, el diseño pedagógico, la equidad, el valor de la tecnología, el acompañamiento institucional o las cualidades individuales. Destaca que la "flexibilidad" y el "aprendizaje" son los conceptos más mencionados por estudiantes y docentes respectivamente. Este artículo aporta nuevas categorías para conceptualizar la calidad de la ESOL, al incorporar elementos propios de la formación de personas adultas y de la virtualidad como parte de sus significados. Plantear la calidad educativa de forma contextual y desde un enfoque de equidad es parte de los desafíos de una modalidad en continuo crecimiento y con enorme potencial en el marco de la sociedad digital global.</subfield>
   </datafield>
   <datafield ind2=" " ind1=" " tag="520">
      <subfield code="a">This study aims to conceptualize the quality of online higher education (OHE) through the perspectives of diverse stakeholders. To this end, we asked students (n=3,152), teachers (n=727) and informants (n=50) from 18 higher education institutions (HEIs) in Chile with online degree programmes to indicate the concepts they associate with quality OHE. Employing a qualitative methodology that combines deductive and inductive methods and lexicometrics, we analysed the data collected through questionnaires and interviews. The findings of this study show how a traditional vision of educational quality coexists in OHE through concepts linked to the 'graduate profile', 'standardization and 'accreditation', with emerging perspectives that reinforce the particularities of online education, reflected in concepts such as work-life balance, pedagogical design, equity, the value of technology, institutional support, individual qualities or relevance to the labour market. It highlights that 'flexibility' and 'learning' are the concepts most frequently mentioned by students and teachers respectively. This article introduces novel categories to conceptualize the quality of OHE by incorporating elements of adult education and virtuality as part of its meanings. Approaching educational quality contextually from a focus on equity is one of the challenges of a continuously growing modality with enormous potential in the framework of a global digital society</subfield>
   </datafield>
   <datafield tag="653" ind2=" " ind1=" ">
      <subfield code="a">Online higher education</subfield>
   </datafield>
   <datafield tag="653" ind2=" " ind1=" ">
      <subfield code="a">Distance learning</subfield>
   </datafield>
   <datafield tag="653" ind2=" " ind1=" ">
      <subfield code="a">Adult education</subfield>
   </datafield>
   <datafield tag="653" ind2=" " ind1=" ">
      <subfield code="a">Quality of education</subfield>
   </datafield>
   <datafield tag="653" ind2=" " ind1=" ">
      <subfield code="a">Flexibility</subfield>
   </datafield>
   <datafield tag="653" ind2=" " ind1=" ">
      <subfield code="a">Educación superior online</subfield>
   </datafield>
   <datafield tag="653" ind2=" " ind1=" ">
      <subfield code="a">Enseñanza a distancia</subfield>
   </datafield>
   <datafield tag="653" ind2=" " ind1=" ">
      <subfield code="a">Educación de adultos</subfield>
   </datafield>
   <datafield tag="653" ind2=" " ind1=" ">
      <subfield code="a">Calidad de la educación</subfield>
   </datafield>
   <datafield tag="653" ind2=" " ind1=" ">
      <subfield code="a">Flexibilidad</subfield>
   </datafield>
   <datafield ind2="0" ind1="0" tag="245">
      <subfield code="a">Key concepts for quality in online higher education</subfield>
   </datafield>
</record></metadata></record></GetRecord></OAI-PMH>